000 01502nam a2200253Ia 4500
999 _c39712
_d39712
001 6317
003 GE_BSU
005 20190502162643.0
008 181216s1977||||ge |||||||||||||| ||geo||
040 _cGE_BSU
041 _ageo
080 _a624.01/04(072) კ-22
100 _aკანდელაკი, მ.
_9663
245 _aმეთოდური მითითებები საკურსო პროექტის შესასრულებლად სამშენებლო კონსტრუქციებში /
_cმ. კანდელაკი, ვ. ჯავახიშვილი, დ. სამადაშვილი ; რედ. ე.კირვალიძე.
264 _aთბილისი :
_bსპი,
_c1977.
300 _a84 გვ.:
_bნახაზები, დანართები ;
_c20 სმ.
504 _aბიბლიოგრ. : გვ.82.
653 _aმეთოდური მითითებები საკურსო პროექტის შესასრულებლად სამშენებლო კონსტრუქციებში
653 _aსამშენებლო კონსტრუქციები
700 _aჯავახიშვილი, ვ.
_eავტორი
_9594
700 _aსამადაშვილი, დ.
_eავტორი
_9664
700 _aკირვალიძე, ე.
_eავტორი
_9492
942 _cBK
_2udc